[Event "London Classic op 5th"]
[Site "London"]
[Date "2013.12.12"]
[Round "6"]
[White "Buyandalai, Tumen"]
[Black "Coleman, David"]
[Result "1/2-1/2"]
[WhiteElo "2074"]
[BlackElo "2257"]
[PlyCount "138"]
[EventDate "2013.12.07"]
[EventType "swiss"]
[EventRounds "9"]
[EventCountry "ENG"]
[SourceTitle "CBM 157 Extra"]
[Source "ChessBase"]
[SourceDate "2013.12.19"]
[SourceVersion "1"]
[SourceVersionDate "2013.12.19"]
[SourceQuality "1"]

1. e4 c5 2. Nc3 Nc6 3. g4 e5 4. Bg2 d6 5. d3 Be7 6. Nd5 Be6 7. h3 Qd7 8. c3 Bd8 9. Ne2 g6 10. Be3 f6 11. f4 Nce7 12. Rf1 h5 13. Nxe7 Nxe7 14. f5 Bf7 15. Ng3 hxg4 16. hxg4 g5 17. d4 cxd4 18. cxd4 exd4 19. Bxd4 Nc6 20. Ne2 Ba5+ 21. Nc3 Ke7 22. Bf3 Rh2 23. Rf2 Rxf2 24. Bxf2 Ne5 25. Kf1 Bxc3 26. bxc3 Bc4+ 27. Kg2 Rh8 28. Be2 Qc6 29. Qc2 d5 30. Bxc4 Qxc4 31. Rb1 b6 32. Rb4 Qc6 33. exd5 Qxd5+ 34. Qe4 Rd8 35. Qxd5 Rxd5 36. Ra4 Rd7 37. Bg3 Nc6 38. Re4+ Kf7 39. Re6 Na5 40. Bf2 Rd2 41. Kf3 Nc4 42. Bd4 Ne5+ 43. Bxe5 fxe5 44. Rg6 Rxa2 45. Rxg5 Rc2 46. Rh5 Rxc3+ 47. Ke4 Rc4+ 48. Kf3 Rc3+ 49. Kf2 e4 50. Rh6 b5 51. Re6 a5 52. Re5 a4 53. Rxb5 a3 54. Rb6 a2 55. Ra6 e3+ 56. Ke2 Rc4 57. g5 Rf4 58. Ra7+ Kg8 59. Ra8+ Kf7 60. Ra7+ Kg8 61. f6 Rf5 62. Kxe3 Rxg5 63. Kf4 Rg1 64. Rxa2 Kf7 65. Kf5 Rf1+ 66. Ke5 Re1+ 67. Kf5 Rf1+ 68. Ke5 Re1+ 69. Kf5 Rf1+ 1/2-1/2

[Event "London Classic op 5th"]
[Site "London"]
[Date "2013.12.11"]
[Round "5"]
[White "Dydak, Mateusz"]
[Black "Buyandalai, Tumen"]
[Result "0-1"]
[WhiteElo "1901"]
[BlackElo "2074"]
[PlyCount "96"]
[EventDate "2013.12.07"]
[EventType "swiss"]
[EventRounds "9"]
[EventCountry "ENG"]
[SourceTitle "CBM 157 Extra"]
[Source "ChessBase"]
[SourceDate "2013.12.19"]
[SourceVersion "1"]
[SourceVersionDate "2013.12.19"]
[SourceQuality "1"]

1. f4 b6 2. e4 Bb7 3. d3 c5 4. Nf3 d5 5. exd5 Qxd5 6. Nc3 Qd6 7. d4 e6 8. Bb5+ Nd7 9. 0-0 Ngf6 10. f5 cxd4 11. fxe6 fxe6 12. Nxd4 0-0-0 13. Nb3 Nd5 14. Nxd5 exd5 15. Qg4 Qb4 16. Qe2 Bd6 17. a4 Rde8 18. Qh5 Rhf8 19. Bd2 Qe4 20. Rxf8 Rxf8 21. Re1 Qf5 22. Qxf5 Rxf5 23. Re8+ Kc7 24. Nd4 Bc5 25. Be3 Re5 26. Rxe5 Nxe5 27. Ne6+ Kd6 28. Bxc5+ Kxe6 29. Bd4 Kf5 30. Kf2 Ke4 31. c3 g5 32. Ke2 Bc8 33. h3 a6 34. Bxe5 axb5 35. Bd4 bxa4 36. Bxb6 Ba6+ 37. Kf2 Kd3 38. Bd8 Kc2 39. Bf6 Bc4 40. Bxg5 Kxb2 41. Be7 Kxc3 42. Ke1 Bb3 43. g4 d4 44. Ba3 d3 45. Bc1 Kc2 46. Bf4 a3 47. Kf2 a2 48. Be5 d2 0-1

[Event "Hampstead op U2200 07"]
[Site "Hampstead"]
[Date "2013.07.21"]
[Round "5"]
[White "Landau, Jonathan"]
[Black "Buyandalai, Tumen"]
[Result "0-1"]
[WhiteElo "1922"]
[BlackElo "2066"]
[PlyCount "66"]
[EventDate "2013.07.20"]
[EventType "swiss"]
[EventRounds "5"]
[EventCountry "ENG"]
[SourceTitle "EXT 2023"]
[Source "ChessBase"]
[SourceDate "2022.10.05"]
[SourceVersion "1"]
[SourceVersionDate "2022.10.05"]
[SourceQuality "1"]

1. e4 d6 2. Nf3 Nf6 3. Nc3 g6 4. d4 Bg7 5. Be2 0-0 6. 0-0 Nfd7 7. Be3 Nc6 8. Qd2 e5 9. Rad1 a6 10. a4 f6 11. Rfe1 Ne7 12. Bc4+ Kh8 13. Ne2 Nb6 14. Bb3 Bg4 15. c3 a5 16. Kh1 Bxf3 17. gxf3 Qd7 18. dxe5 fxe5 19. Bxb6 cxb6 20. Qxd6 Qxd6 21. Rxd6 Rxf3 22. Rd7 Ng8 23. Kg2 Raf8 24. Rf1 Bh6 25. Ng3 Nf6 26. Rxb7 Ng4 27. Rxb6 Be3 28. Rb5 Bxf2 29. Kh3 Nxh2 30. Rxf2 Rxf2 31. Rxa5 Nf3 32. Bd1 Rh2+ 33. Kg4 Rf4# 0-1

[Event "Hampstead op U2200 07"]
[Site "Hampstead"]
[Date "2013.07.20"]
[Round "3"]
[White "Buyandalai, Tumen"]
[Black "Oyama, Akito"]
[Result "1/2-1/2"]
[WhiteElo "2066"]
[BlackElo "1966"]
[PlyCount "80"]
[EventDate "2013.07.20"]
[EventType "swiss"]
[EventRounds "5"]
[EventCountry "ENG"]
[SourceTitle "EXT 2023"]
[Source "ChessBase"]
[SourceDate "2022.10.05"]
[SourceVersion "1"]
[SourceVersionDate "2022.10.05"]
[SourceQuality "1"]

1. e4 c5 2. Nc3 Nc6 3. g3 g6 4. Bg2 Bg7 5. d3 e6 6. Nge2 Nge7 7. Be3 Nd4 8. f4 d6 9. 0-0 Nec6 10. Rb1 0-0 11. a3 a5 12. Bf2 Rb8 13. Nxd4 Nxd4 14. Ne2 Nxe2+ 15. Qxe2 b5 16. c3 b4 17. axb4 axb4 18. d4 cxd4 19. cxd4 d5 20. e5 Bd7 21. Rfc1 Qb6 22. Bf1 Rfc8 23. Qa6 Rxc1 24. Rxc1 Qxa6 25. Bxa6 Kf8 26. Be1 Ke8 27. Rc7 Bf8 28. Ra7 Be7 29. Kf2 Bd8 30. Ke3 Bb6 31. Rb7 Rxb7 32. Bxb7 Bb5 33. Bxb4 Kd7 34. Bd6 Ba7 35. b4 Bb6 36. g4 Bc7 37. Bc5 Bd8 38. Bd6 Bc7 39. Bc5 Bd8 40. Ba8 Kc7 1/2-1/2

[Event "Coulsdon Jessie Gilbert 4th"]
[Site "Coulsdon"]
[Date "2011.08.20"]
[Round "1"]
[White "Warman, Simon M"]
[Black "Buyandalai, Tumen"]
[Result "1-0"]
[WhiteElo "2058"]
[BlackElo "2082"]
[PlyCount "82"]
[EventDate "2011.08.20"]
[EventType "swiss"]
[EventRounds "9"]
[EventCountry "ENG"]
[SourceTitle "CBM 144 Extra"]
[Source "ChessBase"]
[SourceDate "2011.10.28"]
[SourceVersion "1"]
[SourceVersionDate "2011.10.28"]
[SourceQuality "1"]

1. e4 d6 2. d4 Nf6 3. Nc3 g6 4. Nf3 Bg7 5. Bc4 a6 6. a4 Bd7 7. 0-0 0-0 8. Re1 Bg4 9. h3 Bxf3 10. Qxf3 Nfd7 11. Be3 Nc6 12. Rad1 e5 13. d5 Ne7 14. Qe2 f5 15. f3 f4 16. Bf2 a5 17. Bb3 b6 18. Nb5 g5 19. Qc4 Nc5 20. Ba2 h5 21. Rf1 g4 22. hxg4 hxg4 23. fxg4 Qd7 24. Bxc5 bxc5 25. Rd3 Bf6 26. Rh3 Kg7 27. Qe2 Ng6 28. g5 Bxg5 29. Qh5 Kf6 30. Rg3 Kg7 31. Rxg5 Rf6 32. Bc4 Rh8 33. Qg4 Qf7 34. Rf3 Kf8 35. Qc8+ Qe8 36. Qxc7 Qe7 37. Qxa5 Kf7 38. Qc7 Nh4 39. Rg7+ Kxg7 40. Qxe7+ Kg6 41. Rh3 f3 1-0

[Event "Uxbridge e2e4 op"]
[Site "Denham"]
[Date "2011.03.20"]
[Round "4"]
[White "Buyandalai, Tumen"]
[Black "Lock, Gavin R"]
[Result "1-0"]
[WhiteElo "2059"]
[BlackElo "2192"]
[PlyCount "99"]
[EventDate "2011.03.18"]
[EventType "swiss"]
[EventRounds "5"]
[EventCountry "ENG"]
[SourceTitle "CBM 141 Extra"]
[Source "ChessBase"]
[SourceDate "2011.05.03"]
[SourceVersion "1"]
[SourceVersionDate "2011.05.03"]
[SourceQuality "1"]

1. c4 c6 2. Nc3 d5 3. d4 Nf6 4. Nf3 e6 5. g3 Nbd7 6. Qb3 Bd6 7. Bg5 h6 8. Bxf6 Qxf6 9. Bg2 0-0 10. Rd1 Qe7 11. 0-0 dxc4 12. Qxc4 e5 13. d5 Nb6 14. Qb3 cxd5 15. Nxd5 Nxd5 16. Qxd5 Bc7 17. Nd2 Rb8 18. Qb3 Bg4 19. Bf3 Be6 20. Bd5 Bxd5 21. Qxd5 Rfd8 22. Qb3 Bb6 23. Nc4 Bc5 24. e4 Qe6 25. Rd3 Rxd3 26. Qxd3 b5 27. Na5 Bd4 28. b4 h5 29. Nb3 Qc4 30. Qf3 Qxb4 31. Rc1 a5 32. Rc7 Rf8 33. Rd7 a4 34. Nxd4 Qb1+ 35. Kg2 exd4 36. a3 Qb2 37. Qxh5 b4 38. axb4 a3 39. Qa5 a2 40. Ra7 Qe2 41. Qd5 d3 42. Rxa2 Qe1 43. b5 Re8 44. Qxd3 Rxe4 45. Ra8+ Kh7 46. b6 g6 47. b7 Re2 48. Rh8+ Kxh8 49. b8Q+ Kh7 50. Qf4 1-0

[Event "Uxbridge e2e4 op"]
[Site "Denham"]
[Date "2011.03.19"]
[Round "2"]
[White "Taylor, Martin R"]
[Black "Buyandalai, Tumen"]
[Result "1-0"]
[WhiteElo "2321"]
[BlackElo "2059"]
[PlyCount "95"]
[EventDate "2011.03.18"]
[EventType "swiss"]
[EventRounds "5"]
[EventCountry "ENG"]
[SourceTitle "CBM 141 Extra"]
[Source "ChessBase"]
[SourceDate "2011.05.03"]
[SourceVersion "1"]
[SourceVersionDate "2011.05.03"]
[SourceQuality "1"]

1. d4 Nf6 2. Bg5 g6 3. Bxf6 exf6 4. c4 f5 5. Nc3 Bg7 6. e3 d6 7. g3 0-0 8. Bg2 c6 9. Nge2 Nd7 10. 0-0 Nf6 11. b4 d5 12. cxd5 cxd5 13. Nf4 Be6 14. Rc1 Rc8 15. Ncxd5 Nxd5 16. Rxc8 Qxc8 17. Bxd5 Bxd5 18. Nxd5 Qc4 19. Qb3 Qxb3 20. Ne7+ Kh8 21. axb3 Re8 22. Rc1 Bxd4 23. Rc7 Bb6 24. Rxb7 Kg7 25. Nc6 Re4 26. b5 g5 27. Nxa7 Bxa7 28. b6 Bxb6 29. Rxb6 h5 30. Kg2 f4 31. exf4 gxf4 32. Kf3 fxg3 33. hxg3 Rd4 34. Ke3 Rg4 35. b4 h4 36. gxh4 Rxh4 37. Rb8 Kf6 38. b5 Rb4 39. b6 Kf5 40. Kd3 Kf4 41. Kc3 Rb1 42. Kd4 Rb2 43. Kc5 Rxf2 44. Rf8 Ke5 45. Re8+ Kf4 46. b7 Rb2 47. b8Q+ Rxb8 48. Rxb8 1-0